Harnessing Human Nature For Socio-Economic Development In Kenya (Record no. 399)

MARC details
000 -LEADER
fixed length control field 00383nam a22001217a 4500
008 - FIXED-LENGTH DATA ELEMENTS--GENERAL INFORMATION
fixed length control field 230605b xxu||||| |||| 00| 0 eng d
020 ## - INTERNATIONAL STANDARD BOOK NUMBER
International Standard Book Number 9966854436
082 ## - DEWEY DECIMAL CLASSIFICATION NUMBER
Classification number 333.76762
Item number AKO
245 ## - TITLE STATEMENT
Title Harnessing Human Nature For Socio-Economic Development In Kenya
Remainder of title An Anthropological Exegesis
Statement of responsibility, etc. Joshua Jason Akong'a
260 ## - PUBLICATION, DISTRIBUTION, ETC. (IMPRINT)
Place of publication, distribution, etc. Kenya
Name of publisher, distributor, etc. Moi University
Date of publication, distribution, etc. 2009
300 ## - PHYSICAL DESCRIPTION
Extent 89 p
942 ## - ADDED ENTRY ELEMENTS (KOHA)
Source of classification or shelving scheme Dewey Decimal Classification
Koha item type Books
Holdings
Withdrawn status Lost status Source of classification or shelving scheme Damaged status Not for loan Home library Current library Date acquired Total Checkouts Full call number Barcode Date last seen Price effective from Koha item type
    Dewey Decimal Classification     Bunge Tower Library Bunge Tower Library 06/05/2023   333.76762 AKO 1000573 06/05/2023 06/05/2023 Books
LIBRARY OPENING HOURS

When the Parliament is sitting: 8.00a.m - 7.00p.m or until the house adjourns
Mondays and Fridays and when the House is on Recess:  8.00a.m - 5.00p.m
Closed on Weekends and Public Holidays

Online Public Access Catalog (OPAC)
Website: http://www.parliament.go.ke
Bunge Library: https://libraryir.parliament.go.ke
Contact: library@parliament.go.ke | Tel no: (254-2)2221291 or 2848000 Ext 5043